[Event "Rodgers mem."]
[Site "Ottawa CAN"]
[Date "2008.10.23"]
[Round "6"]
[White "Pacey, Kevin"]
[Black "Gordon, David"]
[Result "1-0"]
[WhiteElo "2266"]
[BlackElo "2230"]
[PlyCount "119"]
[GameId "2160767910311499"]
[EventDate "2008.09.18"]
[EventType "swiss"]
[EventRounds "6"]
[EventCountry "CAN"]

1. Nf3 c5 2. c4 Nf6 3. Nc3 e6 4. d4 cxd4 5. Nxd4 b6 6. Ndb5 Bb4 7. Nd6+ Ke7 8. Bf4 Na6 9. g4 Nc5 10. Bg2 Ba6 11. Ndb5 d5 12. O-O Bxc3 13. Bd6+ Kd7 14. Bxc5 Bxb5 15. cxd5 Nxd5 16. bxc3 bxc5 17. c4 Bxc4 18. Qa4+ Ke7 19. Qxc4 Qd6 20. Rfd1 Rad8 21. Rac1 Qc6 22. e3 Rd6 23. Qxc5 Qxc5 24. Rxc5 Rhd8 25. Rd4 R8d7 26. Ra5 Nc3 27. Rxd6 Kxd6 28. Bf3 h6 29. a3 e5 30. h4 f6 31. Kh2 e4 32. Bg2 Kc6 33. Bf1 Kb6 34. Ra6+ Kb7 35. Re6 a5 36. Bg2 Rd2 37. Kg3 Ne2+ 38. Kh3 Nc3 39. Bxe4+ Nxe4 40. Rxe4 Rxf2 41. Re7+ Kc6 42. Kg3 Ra2 43. Rxg7 Rxa3 44. Kf4 Kd6 45. Rg6 Ke7 46. Rxh6 a4 47. Rh7+ Ke6 48. Ra7 Ra1 49. h5 a3 50. h6 Rh1 51. Rxa3 Rxh6 52. Ra6+ Ke7 53. Kf5 Rh3 54. Re6+ Kd7 55. Rxf6 Rxe3 56. g5 Ke7 57. Kg6 Ke8 58. Kg7 Re7+ 59. Kg8 Ra7 60. Rf8+ 1-0

[Event "Scarborough CC Early Summer"]
[Site "Toronto CAN"]
[Date "2008.05.08"]
[Round "1"]
[White "Bellomo, Joe"]
[Black "Longo, Tyler"]
[Result "0-1"]
[WhiteElo "1760"]
[BlackElo "1933"]
[PlyCount "94"]
[GameId "2160767910350855"]
[EventDate "2008.05.08"]
[EventType "swiss"]
[EventRounds "8"]
[EventCountry "CAN"]
[SourceTitle "EXT 2011"]
[Source "ChessBase"]
[SourceDate "2011.11.26"]
[SourceVersion "1"]
[SourceVersionDate "2011.11.26"]
[SourceQuality "1"]

1. e4 d5 2. exd5 Nf6 3. Nf3 Qxd5 4. Nc3 Qh5 5. d4 Bg4 6. Be2 Nc6 7. O-O O-O-O 8. Be3 e6 9. Ne1 Bxe2 10. Nxe2 Ng4 11. h3 Nxe3 12. fxe3 Bd6 13. Nf4 Qh6 14. Qf3 e5 15. d5 Ne7 16. Nfd3 e4 17. Qxe4 Nxd5 18. Nf4 Nf6 19. Qf5+ Kb8 20. Ned3 Rhe8 21. Rae1 g5 22. Ne2 Ne4 23. Qxf7 Rf8 24. Qc4 Rxf1+ 25. Rxf1 Nd2 26. Qg4 Nxf1 27. Kxf1 Qf6+ 28. Ke1 Re8 29. Kd2 Qe7 30. Qf3 Qe4 31. Qxe4 Rxe4 32. Nd4 c6 33. Nf5 Kc7 34. g4 Kd7 35. Nf2 Re8 36. Kd3 Be5 37. c3 Ke6 38. Ne4 Bf6 39. Nc5+ Kd5 40. b4 b6 41. c4+ Ke5 42. Nd7+ Ke6 43. Nxf6 Kxf6 44. a3 Ke5 45. Ke2 h5 46. Nd4 Kd6 47. gxh5 Rh8 0-1

[Event "Scarborough CC Early Summer"]
[Site "Toronto CAN"]
[Date "2008.05.08"]
[Round "1"]
[White "Casareno, Erwin"]
[Black "Paterson, Jim"]
[Result "1-0"]
[WhiteElo "2168"]
[BlackElo "1804"]
[PlyCount "105"]
[GameId "2160767910350856"]
[EventDate "2008.05.08"]
[EventType "swiss"]
[EventRounds "8"]
[EventCountry "CAN"]
[SourceTitle "EXT 2011"]
[Source "ChessBase"]
[SourceDate "2011.11.26"]
[SourceVersion "1"]
[SourceVersionDate "2011.11.26"]
[SourceQuality "1"]

1. e4 e6 2. d4 d5 3. Nc3 Bb4 4. e5 Qd7 5. f4 b6 6. Nf3 Ba6 7. Bxa6 Nxa6 8. Qd3 Nb8 9. O-O Nh6 10. Ne2 c5 11. c3 c4 12. Qc2 Be7 13. Ng3 Nc6 14. b3 b5 15. Be3 g6 16. h3 Nf5 17. Nxf5 gxf5 18. bxc4 bxc4 19. Rab1 O-O 20. Bf2 Rab8 21. Kh2 Rxb1 22. Rxb1 Rb8 23. Rxb8+ Nxb8 24. g4 fxg4 25. hxg4 Nc6 26. f5 f6 27. exf6 Bxf6 28. g5 Bd8 29. f6 Bc7+ 30. Bg3 Bxg3+ 31. Kxg3 Qf7 32. Qa4 Qc7+ 33. Kg4 Qd7 34. Kf4 e5+ 35. dxe5 Nxe5 36. Qxd7 Nxd7 37. Kf5 Nc5 38. Ke5 Ne4 39. Ke6 Kf8 40. a3 d4 41. Nxd4 Nxg5+ 42. Kf5 Nf7 43. Nf3 Ke8 44. Ke6 Nd8+ 45. Kf5 Nf7 46. Nd2 Nd6+ 47. Ke6 Nb5 48. Nxc4 Nxc3 49. f7+ Kf8 50. Ne5 Kg7 51. Nd7 Ne4 52. f8=Q+ Kg6 53. Qf5+ 1-0

[Event "Scarborough CC Early Summer"]
[Site "Toronto CAN"]
[Date "2008.05.08"]
[Round "1"]
[White "Croxen, Robert"]
[Black "Armstrong, Robert J"]
[Result "0-1"]
[WhiteElo "1662"]
[BlackElo "1814"]
[PlyCount "62"]
[GameId "2160767910350857"]
[EventDate "2008.05.08"]
[EventType "swiss"]
[EventRounds "8"]
[EventCountry "CAN"]
[SourceTitle "EXT 2011"]
[Source "ChessBase"]
[SourceDate "2011.11.26"]
[SourceVersion "1"]
[SourceVersionDate "2011.11.26"]
[SourceQuality "1"]

1. e4 g6 2. d4 Bg7 3. Nf3 d6 4. Bc4 Nf6 5. Nc3 Nxe4 6. Bxf7+ Kxf7 7. Nxe4 Rf8 8. O-O Kg8 9. h3 Nd7 10. Re1 Nf6 11. Neg5 h6 12. Ne6 Bxe6 13. Rxe6 Qd7 14. d5 c6 15. c4 cxd5 16. cxd5 g5 17. Qd3 Rae8 18. g4 b5 19. Bd2 Qb7 20. Bc3 Nxd5 21. Bxg7 Nf4 22. Qb3 Kxg7 23. Qc3+ Rf6 24. Rxf6 Ne2+ 25. Kg2 Nxc3 26. Re6 Nd5 27. Kg3 Nf4 28. Re3 Rf8 29. Rae1 e5 30. Rc1 Ne2+ 31. Kg2 Nxc1 0-1

[Event "Scarborough CC Early Summer"]
[Site "Toronto CAN"]
[Date "2008.05.08"]
[Round "1"]
[White "Douglas, Richard"]
[Black "Villalobos, Oscar"]
[Result "0-1"]
[WhiteElo "1703"]
[BlackElo "1863"]
[PlyCount "94"]
[GameId "2160767910350858"]
[EventDate "2008.05.08"]
[EventType "swiss"]
[EventRounds "8"]
[EventCountry "CAN"]
[SourceTitle "EXT 2011"]
[Source "ChessBase"]
[SourceDate "2011.11.26"]
[SourceVersion "1"]
[SourceVersionDate "2011.11.26"]
[SourceQuality "1"]

1. e4 c5 2. Nc3 d6 3. f4 g6 4. Nf3 Bg7 5. Bb5+ Bd7 6. Bxd7+ Qxd7 7. O-O b5 8. d3 b4 9. Nd5 e6 10. Ne3 Nc6 11. Re1 Nge7 12. g4 Nd4 13. f5 gxf5 14. exf5 Qc6 15. Nxd4 Bxd4 16. fxe6 f5 17. Rf1 Nd5 18. Qf3 f4 19. c3 Bxe3+ 20. Bxe3 fxe3 21. c4 Ne7 22. Qf7+ Kd8 23. Rae1 Rg8 24. h3 Qe8 25. Qxh7 Qg6 26. Qxg6 Nxg6 27. Rxe3 Ne5 28. Rg3 Ke7 29. g5 Kxe6 30. h4 Rh8 31. Rf4 Rag8 32. Kg2 Rf8 33. Re4 Kf5 34. Kh3 Nxd3 35. Re7 Rxh4+ 36. Kg2 Rg4 37. Rxg4 Kxg4 38. Rxa7 Nxb2 39. g6 Rg8 40. g7 Nxc4 41. Kf2 Kf5 42. Ke2 Kf6 43. Kd3 Ne5+ 44. Ke4 Rxg7 45. Ra6 Ke6 46. Ke3 Rg3+ 47. Kd2 Ra3 0-1

[Event "Scarborough CC Early Summer"]
[Site "Toronto CAN"]
[Date "2008.05.08"]
[Round "1"]
[White "Fan, Yibing"]
[Black "Verde, Pino"]
[Result "1/2-1/2"]
[WhiteElo "1822"]
[BlackElo "1754"]
[PlyCount "106"]
[GameId "2160767910350859"]
[EventDate "2008.05.08"]
[EventType "swiss"]
[EventRounds "8"]
[EventCountry "CAN"]
[SourceTitle "EXT 2011"]
[Source "ChessBase"]
[SourceDate "2011.11.26"]
[SourceVersion "1"]
[SourceVersionDate "2011.11.26"]
[SourceQuality "1"]

1. a3 g6 2. Nf3 Bg7 3. d4 c5 4. dxc5 Nc6 5. c3 Qa5 6. b4 Qc7 7. e4 b6 8. Be3 bxc5 9. Bxc5 d6 10. Bd4 Nxd4 11. Nxd4 Bd7 12. Bd3 Qb6 13. Ne2 a5 14. Ra2 Nf6 15. O-O Ng4 16. h3 Ne5 17. Nf4 e6 18. Qe2 Bh6 19. g3 Bxf4 20. gxf4 Nxd3 21. Qxd3 Bb5 22. c4 Ba6 23. b5 Bb7 24. a4 f5 25. Nd2 Rc8 26. Re1 Qc5 27. Rc2 Kf7 28. Qe3 Qxe3 29. Rxe3 fxe4 30. Nxe4 Bxe4 31. Rxe4 d5 32. Rd4 Rc5 33. Kf1 Rhc8 34. Ke2 Ke7 35. Kd3 h6 36. h4 Kf6 37. b6 Rb8 38. Rb2 Ke7 39. cxd5 exd5 40. Kd2 Kd6 41. Rd3 Ke6 42. b7 Kf5 43. Rb6 Kxf4 44. Rxg6 Rxb7 45. Rf6+ Ke5 46. Rxh6 Rb2+ 47. Ke3 Rb4 48. Rh5+ Ke6 49. Rh6+ Kf7 50. Rd4 Rc3+ 51. Rd3 Re4+ 52. Kd2 Rxd3+ 53. Kxd3 Rxa4 1/2-1/2

[Event "Scarborough CC Early Summer"]
[Site "Toronto CAN"]
[Date "2008.05.08"]
[Round "1"]
[White "Ferreira, Alex"]
[Black "Mesiti, Silvano"]
[Result "1-0"]
[WhiteElo "1993"]
[BlackElo "1769"]
[PlyCount "91"]
[GameId "2160767910350860"]
[EventDate "2008.05.08"]
[EventType "swiss"]
[EventRounds "8"]
[EventCountry "CAN"]
[SourceTitle "EXT 2011"]
[Source "ChessBase"]
[SourceDate "2011.11.26"]
[SourceVersion "1"]
[SourceVersionDate "2011.11.26"]
[SourceQuality "1"]

1. e4 e5 2. Nf3 d6 3. Bc4 Be7 4. O-O Nf6 5. c3 O-O 6. Re1 Nc6 7. d4 exd4 8. cxd4 Bg4 9. Nc3 Qd7 10. Be2 Rfe8 11. Bg5 Qd8 12. e5 Nd7 13. Bxe7 Nxe7 14. exd6 cxd6 15. Qb3 Nf5 16. Red1 Nb6 17. h3 Bxf3 18. Bxf3 Rb8 19. a4 Nh4 20. Bg4 Qg5 21. g3 Nf5 22. a5 Nc8 23. a6 b6 24. Qb5 Nce7 25. Re1 h5 26. Rxe7 Rxe7 27. Bxf5 Qd2 28. Be4 Rbe8 29. Rd1 Qh6 30. Qf5 g6 31. Qd5 Re6 32. h4 Qg7 33. Rd3 Qh6 34. Re3 Qf8 35. Kg2 Kg7 36. Qg5 Qh8 37. Bc6 Rxe3 38. fxe3 Re6 39. Bd5 Re8 40. Ne4 Qf8 41. Nf6 Re7 42. Nxh5+ Kh7 43. Nf6+ Kg7 44. Ng4 Qe8 45. Qh6+ Kg8 46. Nf6# 1-0

[Event "Scarborough CC Early Summer"]
[Site "Toronto CAN"]
[Date "2008.05.08"]
[Round "1"]
[White "Hall, John2"]
[Black "Rutherdale, William"]
[Result "1-0"]
[WhiteElo "2128"]
[BlackElo "1792"]
[PlyCount "79"]
[GameId "2160767910350861"]
[EventDate "2008.05.08"]
[EventType "swiss"]
[EventRounds "8"]
[EventCountry "CAN"]
[SourceTitle "EXT 2011"]
[Source "ChessBase"]
[SourceDate "2011.11.26"]
[SourceVersion "1"]
[SourceVersionDate "2011.11.26"]
[SourceQuality "1"]

1. d4 Nf6 2. c4 e6 3. Nf3 b6 4. g3 Bb7 5. Bg2 d6 6. Nc3 Be7 7. O-O O-O 8. Re1 c5 9. d5 e5 10. e4 Na6 11. Nd2 Nb4 12. Nf1 Nd7 13. Bh3 Bc8 14. a3 Na6 15. f4 Re8 16. f5 Nf8 17. Nd2 g6 18. Nf3 h5 19. g4 hxg4 20. Bxg4 Bh4 21. Re2 Nh7 22. Rg2 Kh8 23. Be3 Rg8 24. Qd2 g5 25. Kh1 Bd7 26. Rag1 Qe7 27. Bh5 f6 28. Nxh4 gxh4 29. Bh6 Nc7 30. Bg7+ Rxg7 31. Rxg7 Qxg7 32. Rxg7 Kxg7 33. Qg2+ Ng5 34. Qg4 h3 35. Bg6 Rh8 36. Ne2 b5 37. Ng3 Ne8 38. Nh5+ Kf8 39. Bxe8 Bxe8 40. Nxf6 1-0

[Event "Scarborough CC Early Summer"]
[Site "Toronto CAN"]
[Date "2008.05.08"]
[Round "1"]
[White "Sherman, Joshua"]
[Black "Wu, Aaron"]
[Result "1/2-1/2"]
[WhiteElo "1880"]
[BlackElo "1743"]
[PlyCount "89"]
[GameId "2160767910350862"]
[EventDate "2008.05.08"]
[EventType "swiss"]
[EventRounds "8"]
[EventCountry "CAN"]
[SourceTitle "EXT 2011"]
[Source "ChessBase"]
[SourceDate "2011.11.26"]
[SourceVersion "1"]
[SourceVersionDate "2011.11.26"]
[SourceQuality "1"]

1. e4 c5 2. d4 cxd4 3. c3 Nc6 4. cxd4 d6 5. Bc4 Nf6 6. Nc3 e6 7. Nge2 Nxe4 8. Nxe4 d5 9. Bxd5 Qxd5 10. f3 Bb4+ 11. N4c3 O-O 12. O-O Bxc3 13. bxc3 Rd8 14. Qb3 b6 15. c4 Qf5 16. Bb2 Na5 17. Qc3 Ba6 18. d5 f6 19. Nd4 Qg6 20. Nxe6 Rdc8 21. c5 Bxf1 22. Rxf1 Nb7 23. c6 Nd8 24. Nxd8 Rxd8 25. c7 Re8 26. Qc6 Qd3 27. d6 Qe3+ 28. Kh1 Qe2 29. Qd5+ Kh8 30. Rg1 Qxb2 31. Qxa8 Rxa8 32. d7 Rg8 33. d8=Q Qc3 34. Rd1 h6 35. h3 b5 36. Qe7 Qc2 37. Rd8 Qc1+ 38. Kh2 Qf4+ 39. g3 Qxf3 40. Qe1 Qc6 41. c8=Q Qxc8 42. Rxc8 Rxc8 43. Qe6 Rc2+ 44. Kg1 Rb2 45. Qa6 1/2-1/2

[Event "Scarborough CC Early Summer"]
[Site "Toronto CAN"]
[Date "2008.05.08"]
[Round "1"]
[White "Wu, Kevin"]
[Black "Kurkowski, Ken"]
[Result "1-0"]
[WhiteElo "1845"]
[BlackElo "1735"]
[PlyCount "70"]
[GameId "2160767910350863"]
[EventDate "2008.05.08"]
[EventType "swiss"]
[EventRounds "8"]
[EventCountry "CAN"]
[SourceTitle "EXT 2011"]
[Source "ChessBase"]
[SourceDate "2011.11.26"]
[SourceVersion "1"]
[SourceVersionDate "2011.11.26"]
[SourceQuality "1"]

1. e4 e5 2. Nf3 Nc6 3. Bb5 a6 4. Ba4 Nf6 5. O-O b5 6. Bb3 Bc5 7. c3 d6 8. d4 Bb6 9. h3 O-O 10. Re1 Bb7 11. d5 Ne7 12. Be3 Bxe3 13. Rxe3 Nd7 14. Nbd2 f5 15. exf5 Nxf5 16. Re1 Nf6 17. Ng5 Bxd5 18. Ne6 Qe7 19. Nxf8 Rxf8 20. Ne4 Bxb3 21. Nxf6+ Qxf6 22. axb3 Nh4 23. Rf1 Qg5 24. Qg4 Qf6 25. Rxa6 Nf5 26. Qf3 e4 27. Qe2 e3 28. Qxb5 exf2+ 29. Rxf2 Qe6 30. Qc4 Qxc4 31. bxc4 g6 32. g4 Ne3 33. Rxf8+ Kxf8 34. Rc6 Nd1 35. Rxc7 Nxb2 1-0

[Event "Scarborough CC Early Summer"]
[Site "Toronto CAN"]
[Date "2008.05.15"]
[Round "2"]
[White "Armstrong, Robert J"]
[Black "Hall, John2"]
[Result "0-1"]
[WhiteElo "1814"]
[BlackElo "2128"]
[PlyCount "54"]
[GameId "2160767910350864"]
[EventDate "2008.05.08"]
[EventType "swiss"]
[EventRounds "8"]
[EventCountry "CAN"]
[SourceTitle "EXT 2011"]
[Source "ChessBase"]
[SourceDate "2011.11.26"]
[SourceVersion "1"]
[SourceVersionDate "2011.11.26"]
[SourceQuality "1"]

1. b3 e5 2. Bb2 Nc6 3. e4 Nf6 4. d3 Bc5 5. h3 O-O 6. Nf3 Re8 7. Be2 d5 8. Nbd2 a5 9. a3 g6 10. c4 dxe4 11. Nxe4 Nxe4 12. dxe4 Qe7 13. O-O Bd7 14. Qc2 Rad8 15. Rfd1 Bc8 16. Rd5 f6 17. Rad1 Bxa3 18. Bxa3 Qxa3 19. Qc3 Be6 20. Rxd8 Rxd8 21. Ra1 Qc5 22. Kf1 b6 23. Bd1 Kf7 24. Rc1 Nb4 25. Rb1 Nd3 26. Qc2 Ke7 27. Be2 Qxf2# 0-1

[Event "Scarborough CC Early Summer"]
[Site "Toronto CAN"]
[Date "2008.05.15"]
[Round "2"]
[White "Bossy, John"]
[Black "Maister, Martin"]
[Result "1/2-1/2"]
[WhiteElo "1936"]
[BlackElo "1773"]
[PlyCount "111"]
[GameId "2160767910350865"]
[EventDate "2008.05.08"]
[EventType "swiss"]
[EventRounds "8"]
[EventCountry "CAN"]
[SourceTitle "EXT 2011"]
[Source "ChessBase"]
[SourceDate "2011.11.26"]
[SourceVersion "1"]
[SourceVersionDate "2011.11.26"]
[SourceQuality "1"]

1. c4 Nf6 2. Nc3 d5 3. cxd5 Nxd5 4. g3 g6 5. Bg2 c6 6. Qb3 Nb6 7. Nf3 Bg7 8. O-O O-O 9. d3 e5 10. Be3 Be6 11. Qc2 Nd5 12. Bc5 Re8 13. Ne4 Qd7 14. Ba3 Na6 15. Rfc1 Red8 16. Qd2 Ndc7 17. b3 f5 18. Nc3 e4 19. Ne1 exd3 20. Nxd3 Qf7 21. Qc2 Nb5 22. Bb2 Nxc3 23. Bxc3 Nc7 24. Nc5 Bxc3 25. Qxc3 Rab8 26. Nxe6 Qxe6 27. e3 Nd5 28. Qc4 Nc7 29. Qc5 a6 30. Bf1 Qd6 31. Qc3 Nd5 32. Bc4 Rbc8 33. Rd1 Qe7 34. a4 Qg7 35. Rac1 Qxc3 36. Rxc3 Kg7 37. Rcd3 Kf6 38. Bxd5 Rxd5 39. Rxd5 cxd5 40. Rxd5 Ke6 41. Rd3 h5 42. h4 Rc6 43. Kg2 Ke5 44. a5 b6 45. axb6 Rxb6 46. Kf3 Rc6 47. Rd8 Rb6 48. Ra8 Kf6 49. Ke2 Ke5 50. f3 Rc6 51. Kd2 Rd6+ 52. Kc2 Rc6+ 53. Kb2 Rd6 54. Re8+ Kf6 55. Kc3 Rc6+ 56. Kd2 1/2-1/2

[Event "Scarborough CC Early Summer"]
[Site "Toronto CAN"]
[Date "2008.05.15"]
[Round "2"]
[White "Longo, Tyler"]
[Black "Samaroo, Muneshwar"]
[Result "1-0"]
[WhiteElo "1933"]
[BlackElo "1577"]
[PlyCount "100"]
[GameId "2160767910350866"]
[EventDate "2008.05.08"]
[EventType "swiss"]
[EventRounds "8"]
[EventCountry "CAN"]
[SourceTitle "EXT 2011"]
[Source "ChessBase"]
[SourceDate "2011.11.26"]
[SourceVersion "1"]
[SourceVersionDate "2011.11.26"]
[SourceQuality "1"]

1. d4 Nf6 2. Nf3 e6 3. e3 c5 4. Bd3 Nc6 5. b3 d5 6. Bb2 cxd4 7. exd4 Be7 8. Nbd2 O-O 9. Ne5 Nb4 10. Be2 Bd6 11. a3 Nc6 12. Bd3 Qc7 13. f4 Qb6 14. Ndf3 h6 15. Qe2 Ne7 16. g4 Bxe5 17. Nxe5 Qa5+ 18. b4 Qc7 19. g5 hxg5 20. fxg5 Nh7 21. Qh5 g6 22. Qg4 Nf5 23. h4 Ne3 24. Qe2 Nf5 25. Qf2 Kg7 26. Bxf5 exf5 27. Qg2 Be6 28. h5 Rh8 29. O-O-O Qe7 30. Rdg1 Nf8 31. Qf3 Rc8 32. Kb1 Qc7 33. Rc1 b5 34. Qe2 a6 35. Rh2 Qe7 36. Rg1 Nd7 37. Nxd7 Qxd7 38. Qe5+ Kg8 39. Rgh1 Qc7 40. Qe2 Kg7 41. hxg6 Rxh2 42. Rxh2 fxg6 43. Qxe6 Qxh2 44. Qxc8 Qg1+ 45. Ka2 Qxg5 46. Qd7+ Kh6 47. Qxd5 Kh5 48. Qa8 f4 49. Bc1 Qf5 50. Qf3+ Kg5 1-0

[Event "Scarborough CC Early Summer"]
[Site "Toronto CAN"]
[Date "2008.05.15"]
[Round "2"]
[White "Perez, Michael"]
[Black "Ferreira, Alex"]
[Result "0-1"]
[WhiteElo "1739"]
[BlackElo "1993"]
[PlyCount "76"]
[GameId "2160767910350867"]
[EventDate "2008.05.08"]
[EventType "swiss"]
[EventRounds "8"]
[EventCountry "CAN"]
[SourceTitle "EXT 2011"]
[Source "ChessBase"]
[SourceDate "2011.11.26"]
[SourceVersion "1"]
[SourceVersionDate "2011.11.26"]
[SourceQuality "1"]

1. e4 c5 2. Nf3 a6 3. a4 Nc6 4. d4 cxd4 5. Nxd4 Nf6 6. Nc3 e5 7. Nf3 Bb4 8. Bd3 d5 9. exd5 Nxd5 10. Bd2 Bxc3 11. bxc3 h6 12. Qe2 O-O 13. O-O Bg4 14. Rab1 Rb8 15. c4 Nd4 16. Qe4 Nf6 17. Qxe5 Bxf3 18. c3 Nc6 19. Qe3 Bh5 20. Qg3 Bg6 21. Bxg6 Qxd2 22. Bf5 Qg5 23. Qxg5 hxg5 24. f3 Ne5 25. c5 g6 26. Rfe1 Rfe8 27. Be4 Nxe4 28. Rxe4 Kf8 29. Reb4 Re7 30. R4b3 Rc7 31. Kf2 Nd3+ 32. Kg3 Nxc5 33. Rb4 Nd3 34. Rb6 Nf4 35. h4 Ne2+ 36. Kg4 Nxc3 37. R1b4 gxh4 38. Kxh4 Nd5 0-1

[Event "Scarborough CC Early Summer"]
[Site "Toronto CAN"]
[Date "2008.05.15"]
[Round "2"]
[White "Rutherdale, William"]
[Black "Bellomo, Joe"]
[Result "1/2-1/2"]
[WhiteElo "1792"]
[BlackElo "1760"]
[PlyCount "87"]
[GameId "2160767910350868"]
[EventDate "2008.05.08"]
[EventType "swiss"]
[EventRounds "8"]
[EventCountry "CAN"]
[SourceTitle "EXT 2011"]
[Source "ChessBase"]
[SourceDate "2011.11.26"]
[SourceVersion "1"]
[SourceVersionDate "2011.11.26"]
[SourceQuality "1"]

1. d4 Nf6 2. c4 g6 3. Nf3 Bg7 4. Nc3 O-O 5. e4 d6 6. Be2 Nbd7 7. Qc2 c5 8. O-O cxd4 9. Nxd4 Nc5 10. Be3 a6 11. Rfd1 Bd7 12. Rac1 Rc8 13. f3 Re8 14. Qd2 Ne6 15. Nxe6 Bxe6 16. Nd5 Bxd5 17. cxd5 Rxc1 18. Rxc1 Nd7 19. Bd4 f6 20. Qc3 Qb8 21. Qc7 Ne5 22. Qxb8 Rxb8 23. Rc7 Kf8 24. Ba7 Ra8 25. Rxb7 Bh6 26. Bxa6 Rxa7 27. Rxa7 Be3+ 28. Kf1 Bxa7 29. Ke2 Ke8 30. f4 Nd7 31. Bb5 Kd8 32. Bxd7 Kxd7 33. Kd3 Kc7 34. Kc4 Be3 35. f5 g5 36. Kb5 Kb7 37. a4 h5 38. h3 h4 39. b4 Bf2 40. a5 Ba7 41. Ka4 Bd4 42. Kb5 Ba7 43. Ka4 Bd4 44. Kb5 1/2-1/2

[Event "Scarborough CC Early Summer"]
[Site "Toronto CAN"]
[Date "2008.05.15"]
[Round "2"]
[White "Wang, Jerry ZS"]
[Black "Sherman, Joshua"]
[Result "1-0"]
[WhiteElo "1883"]
[BlackElo "1880"]
[PlyCount "38"]
[GameId "2160767910350869"]
[EventDate "2008.05.08"]
[EventType "swiss"]
[EventRounds "8"]
[EventCountry "CAN"]
[SourceTitle "EXT 2011"]
[Source "ChessBase"]
[SourceDate "2011.11.26"]
[SourceVersion "1"]
[SourceVersionDate "2011.11.26"]
[SourceQuality "1"]

1. e4 e5 2. Nf3 d6 3. d4 Bg4 4. dxe5 Nd7 5. exd6 Bxd6 6. Be2 Qe7 7. O-O O-O-O 8. Qd4 Ngf6 9. Qxa7 Nxe4 10. Be3 h5 11. Nc3 c6 12. Nxe4 Qxe4 13. Bd3 Qe7 14. Nd4 g6 15. Nxc6 Bxh2+ 16. Kxh2 Qd6+ 17. Bf4 Qxc6 18. Qa8+ Nb8 19. Qxb8+ Kd7 1-0

[Event "Scarborough CC Early Summer"]
[Site "Toronto CAN"]
[Date "2008.05.22"]
[Round "3"]
[White "Arfin, Sam"]
[Black "Bossy, John"]
[Result "1/2-1/2"]
[WhiteElo "1761"]
[BlackElo "1936"]
[PlyCount "72"]
[GameId "2160767910350870"]
[EventDate "2008.05.08"]
[EventType "swiss"]
[EventRounds "8"]
[EventCountry "CAN"]
[SourceTitle "EXT 2011"]
[Source "ChessBase"]
[SourceDate "2011.11.26"]
[SourceVersion "1"]
[SourceVersionDate "2011.11.26"]
[SourceQuality "1"]

1. e4 c5 2. d4 cxd4 3. c3 dxc3 4. Nxc3 Nc6 5. Nf3 d6 6. Bc4 e6 7. Qe2 Nf6 8. O-O Be7 9. Rd1 e5 10. Be3 Bg4 11. Rac1 O-O 12. h3 Bxf3 13. gxf3 Nh5 14. Nd5 Bg5 15. f4 Nxf4 16. Bxf4 Bxf4 17. Nxf4 exf4 18. Qd2 Qh4 19. Qxd6 f3 20. Qg3 Qxe4 21. Bd3 Qe5 22. Qxf3 Qxb2 23. Qe4 g6 24. Rb1 Qe5 25. Rxb7 Rac8 26. Qxe5 Nxe5 27. Be4 Rcd8 28. Rxd8 Rxd8 29. Rxa7 Kg7 30. a4 Rd4 31. Bg2 Kf6 32. a5 Kg5 33. a6 Ra4 34. Bf1 Kf4 35. Rc7 h5 36. a7 f5 1/2-1/2

[Event "Scarborough CC Early Summer"]
[Site "Toronto CAN"]
[Date "2008.05.22"]
[Round "3"]
[White "Fan, Yibing"]
[Black "Wu, Aaron"]
[Result "0-1"]
[WhiteElo "1822"]
[BlackElo "1743"]
[PlyCount "98"]
[GameId "2160767910350871"]
[EventDate "2008.05.08"]
[EventType "swiss"]
[EventRounds "8"]
[EventCountry "CAN"]
[SourceTitle "EXT 2011"]
[Source "ChessBase"]
[SourceDate "2011.11.26"]
[SourceVersion "1"]
[SourceVersionDate "2011.11.26"]
[SourceQuality "1"]

1. d4 Nf6 2. c4 e6 3. Nc3 Bb4 4. e3 b6 5. Bd3 Bb7 6. Nge2 O-O 7. O-O d5 8. cxd5 Nxd5 9. e4 Nf6 10. Bg5 Be7 11. Qc2 h6 12. Bf4 Nc6 13. Qa4 Nb4 14. Bb1 c5 15. Rd1 c4 16. Rd2 Qe8 17. Qd1 Nd3 18. Rxd3 cxd3 19. Qxd3 Nd7 20. e5 f5 21. Qc4 Qg6 22. Ng3 Rfc8 23. Qb3 Kh8 24. Qd1 Nf8 25. a3 Rd8 26. Ba2 Bg5 27. Qd2 Bxf4 28. Qxf4 a6 29. Rd1 Qg5 30. Qxg5 hxg5 31. Na4 Rac8 32. Nxb6 Rc2 33. d5 Rxb2 34. Rb1 Rxb1+ 35. Bxb1 Bxd5 36. Bc2 f4 37. Ne2 Be4 38. Bb3 Rb8 39. f3 Rxb6 40. Bc4 Bd5 41. Bd3 Rb3 42. Bxa6 Rxa3 43. Bb5 Ng6 44. Kf2 Nxe5 45. Nd4 Ra2+ 46. Kg1 Rb2 47. Be8 Bc4 48. Bh5 Rb1+ 49. Kf2 Rf1# 0-1

[Event "Scarborough CC Early Summer"]
[Site "Toronto CAN"]
[Date "2008.05.22"]
[Round "3"]
[White "Gillis, Doug"]
[Black "Rutherdale, William"]
[Result "1-0"]
[WhiteElo "1580"]
[BlackElo "1792"]
[PlyCount "55"]
[GameId "2160767910350872"]
[EventDate "2008.05.08"]
[EventType "swiss"]
[EventRounds "8"]
[EventCountry "CAN"]
[SourceTitle "EXT 2011"]
[Source "ChessBase"]
[SourceDate "2011.11.26"]
[SourceVersion "1"]
[SourceVersionDate "2011.11.26"]
[SourceQuality "1"]

1. e4 c6 2. d4 d5 3. exd5 cxd5 4. c4 Nf6 5. c5 Nc6 6. Bb5 e6 7. Bxc6+ bxc6 8. Qa4 Qc7 9. Ne2 Be7 10. Bf4 Qb7 11. O-O O-O 12. Qc2 Nh5 13. Nd2 Nxf4 14. Nxf4 Qb4 15. Nf3 Ba6 16. Rfe1 Rab8 17. b3 Bf6 18. Rad1 Rfe8 19. Ne5 Bxe5 20. Rxe5 f6 21. Rxe6 Rxe6 22. Nxe6 Re8 23. a3 Qb8 24. Qf5 Bc8 25. Re1 Qxb3 26. Rb1 Rxe6 27. Qxe6+ Bxe6 28. Rxb3 1-0

[Event "Scarborough CC Early Summer"]
[Site "Toronto CAN"]
[Date "2008.05.22"]
[Round "3"]
[White "Mesiti, Silvano"]
[Black "Kurkowski, Ken"]
[Result "1/2-1/2"]
[WhiteElo "1769"]
[BlackElo "1735"]
[PlyCount "92"]
[GameId "2160767910350873"]
[EventDate "2008.05.08"]
[EventType "swiss"]
[EventRounds "8"]
[EventCountry "CAN"]
[SourceTitle "EXT 2011"]
[Source "ChessBase"]
[SourceDate "2011.11.26"]
[SourceVersion "1"]
[SourceVersionDate "2011.11.26"]
[SourceQuality "1"]

1. e4 e5 2. Nf3 Nc6 3. Nc3 Nf6 4. Bc4 Nxe4 5. Nxe4 d5 6. Bxd5 Qxd5 7. Nc3 Qd8 8. d3 Be7 9. Be3 O-O 10. Qe2 Re8 11. O-O-O Nd4 12. Qd2 Bg4 13. Bxd4 exd4 14. Ne4 Qd5 15. Kb1 Be6 16. c4 dxc3 17. Nxc3 Qa5 18. Nd4 Bf6 19. Nxe6 Rxe6 20. Ne4 Qxd2 21. Rxd2 Bd4 22. g4 h6 23. Rc1 c6 24. b4 Rd8 25. Rcd1 g5 26. Kc2 Rd5 27. Kb3 f5 28. gxf5 Rxf5 29. Kc4 Bb6 30. Rg1 Rd5 31. Rc2 Kf7 32. Rg3 Rf5 33. a4 a5 34. Rb2 Bc7 35. Rg2 b5+ 36. Kb3 Rd5 37. Kc2 axb4 38. Rxb4 Ba5 39. Rb1 bxa4 40. Ra1 Rd4 41. Ra3 Re5 42. Rg1 Ke6 43. Rga1 Red5 44. Rxa4 Rxa4 45. Rxa4 Ke5 46. Rc4 c5 1/2-1/2